<?xml version="1.0" encoding="utf-8"?>
<?xml-stylesheet type='text/xsl' href='./oai2.xsl'?>
<OAI-PMH xmlns="http://www.openarchives.org/OAI/2.0/" xmlns:xsi="http://www.w3.org/2001/XMLSchema-instance" xsi:schemaLocation="http://www.openarchives.org/OAI/2.0/ http://www.openarchives.org/OAI/2.0/OAI-PMH.xsd">
  <responseDate>2026-06-06T11:12:21Z</responseDate>
  <request verb="GetRecord" metadataPrefix="marcxml" identifier="record_kuniweb_944942">https://kulturerbe.niedersachsen.de/oai</request>
  <GetRecord>
    <record>
      <header>
        <identifier>record_kuniweb_944942</identifier>
        <datestamp>2025-08-28T09:38:22Z</datestamp>
        <setSpec>slg0243</setSpec>
        <setSpec>slg0111</setSpec>
        <setSpec>slg0231</setSpec>
      </header>
      <metadata>
        <marc:record xmlns:marc="http://www.loc.gov/MARC21/slim" xsi:schemaLocation="http://www.loc.gov/MARC21/slim http://www.loc.gov/standards/marcxml/schema/MARC21slim.xsd">
          <marc:leader>12345nkm  22     uu 4500</marc:leader>
          <marc:controlfield tag="001">944942</marc:controlfield>
          <marc:controlfield tag="003">http://kuniweb.gbv.de</marc:controlfield>
          <marc:controlfield tag="005">2020-08-21T19:27:49</marc:controlfield>
          <marc:controlfield tag="008">|           ||||||||||||||||||||||</marc:controlfield>
          <marc:datafield tag="245" ind1="1" ind2="0">
            <marc:subfield code="a">Schützenwehr im Holtemme-Fluß von/für Herrn F. Sattler, Mühlenbesitzer bei Derenburg, 1912</marc:subfield>
          </marc:datafield>
          <marc:datafield tag="655" ind1=" " ind2="7">
            <marc:subfield code="a">Grafik</marc:subfield>
          </marc:datafield>
          <marc:datafield tag="046" ind1=" " ind2=" ">
            <marc:subfield code="k">1912-12-10</marc:subfield>
            <marc:subfield code="k">10.12.1912</marc:subfield>
          </marc:datafield>
          <marc:datafield tag="260" ind1=" " ind2=" ">
            <marc:subfield code="g">1912-12-10</marc:subfield>
            <marc:subfield code="g">10.12.1912</marc:subfield>
          </marc:datafield>
          <marc:datafield tag="520" ind1=" " ind2=" ">
            <marc:subfield code="a">Zeichnung – schwarz-weiß   
Herstellungsort – Magdeburg

Auftraggeber und Standort: 
Mühlenbesitzer F. Sattler, Derenburg

Information:
Zur Inventarnummer sind sechs Zeichnungen vorhanden, teils als Blaupause, teils in schwarz-weiß.

Anmerkung
Die ‚neue Mühle‘ in Derenburg (heute Ortsteil von Blankenburg) ist 1904 nach dem Brand der alten Mühle neu errichtet worden. Sie ist heute in Privathand. Ob und was von der Mühle heute noch besteht ist nicht bekannt. Die ehemalige Industriemühle, eine Wassermühle an der Holtemme,  ist nicht als Denkmal ausgewiesen. Sie wurde bis 1966 als Getreidemühle betrieben, hatte 5 Doppelstühle, einen Plansichter, eine Reinigung, ein Silo, Fahrstuhl, Elevatoren, eine Turbine mit 25 kW und eine Notstromanlage. 1992 war der Verkauf angestrebt.
Quelle:
Mühlen in Sachsen-Anhalt
https://www.wassermuehle-klein-quenstedt.de/muehlen/24300.html




 (Förderkreis Königshütte Bad Lauterberg e.V.)</marc:subfield>
          </marc:datafield>
          <marc:datafield tag="650" ind1="1" ind2=" ">
            <marc:subfield code="a">Wassernutzung</marc:subfield>
          </marc:datafield>
          <marc:datafield tag="650" ind1="1" ind2=" ">
            <marc:subfield code="a">Wehr</marc:subfield>
          </marc:datafield>
          <marc:datafield tag="650" ind1="1" ind2=" ">
            <marc:subfield code="a">Grafik, Fotografie &gt; Zeichnung</marc:subfield>
          </marc:datafield>
          <marc:datafield tag="650" ind1="1" ind2=" ">
            <marc:subfield code="a">Müller</marc:subfield>
          </marc:datafield>
          <marc:datafield tag="650" ind1="1" ind2=" ">
            <marc:subfield code="a">Derenburg (Blankenburg (Harz), Harz, Sachsen-Anhalt)</marc:subfield>
          </marc:datafield>
          <marc:datafield tag="773" ind1="0" ind2=" ">
            <marc:subfield code="t">Wasserbauanlagen</marc:subfield>
          </marc:datafield>
          <marc:datafield tag="773" ind1="0" ind2=" ">
            <marc:subfield code="t">Mühlen-, Gips- und sonstige Anlagen</marc:subfield>
          </marc:datafield>
          <marc:datafield tag="773" ind1="0" ind2=" ">
            <marc:subfield code="t">Kartenausschnitte und Grundstückspläne</marc:subfield>
          </marc:datafield>
          <marc:datafield tag="852" ind1=" " ind2=" ">
            <marc:subfield code="a">Industriedenkmal Königshütte Bad Lauterberg im Harz</marc:subfield>
          </marc:datafield>
          <marc:datafield tag="" ind1=" " ind2=" ">
            <marc:subfield code="a">Namensnennung - Nicht kommerziell - Keine Bearbeitungen 4.0 International (CC BY-NC-ND 4.0)</marc:subfield>
          </marc:datafield>
        </marc:record>
      </metadata>
    </record>
  </GetRecord>
</OAI-PMH>
